|
|
|
|
| LEADER |
00000nam0a2200000 4500 |
| 001 |
42278 |
| 005 |
20231031015215.0 |
| 010 |
|
|
|a 5934550683
|
| 035 |
|
|
|a (RuTPU)RU\TPU\book\43529
|
| 090 |
|
|
|a 42278
|
| 100 |
|
|
|a 20020828d2001 m y0rusy50 ca
|
| 101 |
0 |
|
|a rus
|
| 102 |
|
|
|a RU
|
| 105 |
|
|
|a a z 001zy
|
| 200 |
1 |
|
|a Полезные страницы мастеру (радиолюбителю, ювелиру, металлообработчику)
|f В. А. Боравский
|
| 210 |
|
|
|a Москва
|c Солон-Р
|d 2001
|
| 215 |
|
|
|a 207 с.
|c ил.
|
| 320 |
|
|
|a Библиогр.: с. 200-203.
|
| 610 |
1 |
|
|a металлообработка
|
| 610 |
1 |
|
|a паяние
|
| 610 |
1 |
|
|a покрытия
|
| 610 |
1 |
|
|a металлы
|
| 610 |
1 |
|
|a лужение
|
| 610 |
1 |
|
|a гальванические покрытия
|
| 610 |
1 |
|
|a окрашивание
|
| 610 |
1 |
|
|a металлохромия
|
| 675 |
|
|
|a 621.7
|v 3
|
| 700 |
|
1 |
|a Боравский
|b В. А.
|g Вадим Андреевич
|
| 801 |
|
1 |
|a RU
|b 63413507
|c 20020828
|g PSBO
|
| 801 |
|
2 |
|a RU
|b 63413507
|c 20020920
|g PSBO
|
| 942 |
|
|
|c BK
|